| 000 | 00684cam a2200253 4500 | ||
|---|---|---|---|
| 001 | J84017 | ||
| 008 | 090401t1997 xxu||||| |||| 00| 0 eng d | ||
| 035 | _a(Sirsi) u78403 | ||
| 041 | _aeng | ||
| 050 | _a627.4 | ||
| 110 |
_aEngland and Wales _bEnvironment Agency _92469 |
||
| 245 | _aPolicy and practice for the protection of floodplains. | ||
| 260 |
_aBristol _bEnvironment Agency _c1997 |
||
| 350 | _a0 | ||
| 650 | _aDEVELOPMENT | ||
| 650 | _aFLOOD DEFENCES | ||
| 650 | _aFLOODPLAIN PROTECTION | ||
| 650 | _aFLOODPLAINS | ||
| 650 | _aRIVERS | ||
| 650 | _aWATER RESOURCES ACT 1991 | ||
| 690 | _aENVIRONMENTAL AND LAND CONSULTANCY | ||
| 942 | _n0 | ||
| 948 | _c19/05/1997 | ||
| 999 |
_c96440 _d96440 |
||